000 01817nam0a22003131 4500
001 v19\rc\1741917
005 20260607071441.0
035 _a(NLR Aleph) 005248261
090 _a5776811
_c5776811
100 _a20061204d1902 |||y0rusy50 ca
101 0 _arus
102 _aRU
105 _ac z |||||
200 1 _aВыбор из сочинений Ф.М. Достоевского для учащихся среднего возраста (от 14-ти лет)
_eС портр. Ф.М. Достоевского
_fПод ред. В.Я. Стоюнина
205 _a2-е изд.
210 _aСанкт-Петербург
_cтип. бр. Пантелеевых
_d1902
215 _a[8], 330 с., 1 л. фронт. (портр.)
_d22
327 1 _aСодерж.: Бедные люди; Господин Прохарчин; Неточка Незванова; Из "Записок из мертвого дома "
464 0 _12001#$aБедные люди$aГосподин Прохарчин$aНеточка Незванова$aИз "Записок из мертвого дома"
_tИз "Записок из мертвого дома"
532 1 0 _aВыбор из сочинений Федора Михайловича Достоевского для учащихся среднего возраста (от 14-ти лет)
700 1 _8rus
_7ca
_aДостоевский
_bФ. М.
_f1821-1881
_gФедор Михайлович
_3RU\NLR\AUTH\77838
_9110876
702 1 _4340
_7ca
_8rus
_aСтоюнин
_bВ. Я.
_f1826-1888
_gВладимир Яковлевич
_967343
_3RU\NLR\AUTH\7784415
801 0 _aRU
_bNLR
_c20061204
_gpsbo
801 0 _aRU
_bRuMoRGB
_c20061204
_2psbo
801 1 _aRU
_bProSoft-M
_c20061204
_2rusmarc
801 2 _aRU
_bNLR
_c20100602
_2rusmarc
852 _aNLR
_j34.7.2.103
942 _cBOOK
980 _aNB